[Event "Mystere"]
[Site "Gatineau CAN"]
[Date "2007.06.19"]
[Round "3"]
[White "Jani, Louis"]
[Black "Pilon, Robert"]
[Result "0-1"]
[WhiteElo "1485"]
[BlackElo "1583"]
[PlyCount "128"]
[GameId "2160767910667779"]
[EventDate "2007.05.29"]
[EventType "swiss"]
[EventRounds "4"]
[EventCountry "CAN"]
[SourceTitle "EXT 2022"]
[Source "ChessBase"]
[SourceDate "2021.10.06"]
[SourceVersion "1"]
[SourceVersionDate "2021.10.06"]
[SourceQuality "1"]

1. f4 d5 2. Nf3 Nf6 3. e3 Bg4 4. Be2 Bxf3 5. Bxf3 g6 6. O-O Bg7 7. d4 e6 8. b3 O-O 9. Bb2 Nbd7 10. Nd2 c5 11. Rb1 Rc8 12. Be2 a6 13. Bd3 cxd4 14. Bxd4 Nc5 15. Ba1 Qb6 16. Rf3 Rfd8 17. Kh1 Qd6 18. Rc1 Qe7 19. Qe2 Nxd3 20. Qxd3 Qa3 21. Rff1 Qxa2 22. Bd4 Nd7 23. Bxg7 Kxg7 24. Qd4+ Nf6 25. Qd3 Qb2 26. Nf3 Ne4 27. Nd4 Nc5 28. Qd1 Qc3 29. Re1 Ne4 30. Re2 Qb4 31. Qe1 Nc3 32. Rf2 Qc5 33. h3 Na2 34. Ra1 Nb4 35. Qf1 Qc3 36. Re1 Rd7 37. g4 Nc6 38. Nxc6 Qxc6 39. Kh2 Qd6 40. Kg1 Rdc7 41. Qg2 Qb4 42. Ref1 Qe4 43. Qxe4 dxe4 44. Rc1 f5 45. Rd2 Kf7 46. c4 b5 47. Rdc2 bxc4 48. b4 Ke7 49. Ra2 Rc6 50. Rca1 c3 51. Rc2 Rc4 52. Rac1 R8c6 53. Kf2 Kd7 54. Kg3 Ke7 55. Kh4 Kf6 56. Kg3 Rxb4 57. Rxc3 Rxc3 58. Rxc3 a5 59. gxf5 gxf5 60. Ra3 a4 61. Kf2 Rc4 62. Ra2 e5 63. Ke2 exf4 64. exf4 Kg6 0-1

[Event "Mystere"]
[Site "Gatineau CAN"]
[Date "2007.06.19"]
[Round "3"]
[White "Rainey, Ivan"]
[Black "Levesque, Andre"]
[Result "1-0"]
[WhiteElo "1229"]
[BlackElo "1414"]
[PlyCount "102"]
[GameId "2160767910667781"]
[EventDate "2007.05.29"]
[EventType "swiss"]
[EventRounds "4"]
[EventCountry "CAN"]
[SourceTitle "EXT 2022"]
[Source "ChessBase"]
[SourceDate "2021.10.06"]
[SourceVersion "1"]
[SourceVersionDate "2021.10.06"]
[SourceQuality "1"]

1. e4 c5 2. Nf3 Nc6 3. d4 cxd4 4. Nxd4 g6 5. Bc4 Qa5+ 6. Nc3 Qc5 7. Nxc6 Qxc4 8. Ne5 Qc7 9. Nd3 Bg7 10. Bd2 d6 11. O-O Nf6 12. Qe2 O-O 13. f4 Bg4 14. Qe3 e6 15. h3 Bh5 16. e5 dxe5 17. fxe5 Nd7 18. g4 Bxg4 19. hxg4 Nxe5 20. Nxe5 Rad8 21. Nf3 Qg3+ 22. Kh1 Qxg4 23. Rf2 Qc4 24. Qe4 Qc5 25. Be3 Qe7 26. Bxa7 f5 27. Qe3 Rf7 28. Bd4 e5 29. Nxe5 Rxd4 30. Qxd4 Bxe5 31. Qe3 Qh4+ 32. Kg1 Bd4 33. Qe2 Re7 34. Qd2 Qg3+ 35. Kf1 Qh3+ 36. Kg1 Re3 37. Ne2 Qg4+ 38. Kf1 Qh3+ 39. Ke1 Qg4 40. c3 Bb6 41. Qd5+ Kg7 42. Qxb7+ Kh6 43. Qxb6 Qg1+ 44. Kd2 Rxe2+ 45. Kxe2 Qxa1 46. Rh2+ Kg5 47. Qe3+ Kg4 48. Rxh7 Qxb2+ 49. Qd2 Qb5+ 50. Ke3 Qe5+ 51. Kf2 Qc7 1-0

[Event "Mystere"]
[Site "Gatineau CAN"]
[Date "2007.06.19"]
[Round "3"]
[White "Sabourin, Yves"]
[Black "Iyamuremye, Gervais"]
[Result "1/2-1/2"]
[WhiteElo "1317"]
[BlackElo "1577"]
[PlyCount "82"]
[GameId "2160767910667782"]
[EventDate "2007.05.29"]
[EventType "swiss"]
[EventRounds "4"]
[EventCountry "CAN"]
[SourceTitle "EXT 2022"]
[Source "ChessBase"]
[SourceDate "2021.10.06"]
[SourceVersion "1"]
[SourceVersionDate "2021.10.06"]
[SourceQuality "1"]

1. d4 d5 2. c4 e6 3. Nc3 c6 4. Nf3 dxc4 5. e4 b5 6. a4 Ba6 7. Be2 Bb4 8. O-O Bxc3 9. bxc3 Nf6 10. Bg5 h6 11. Bxf6 Qxf6 12. Ne5 Bb7 13. Qb1 Ba6 14. Nxc6 Nxc6 15. axb5 Nxd4 16. cxd4 Bb7 17. e5 Qg5 18. g3 O-O 19. Qc1 Qxc1 20. Rfxc1 Bd5 21. Bxc4 Bxc4 22. Rxc4 Rfb8 23. Rca4 Rxb5 24. Rxa7 Rd8 25. Ra8 Rbd5 26. Rxd8+ Rxd8 27. Rd1 Kf8 28. g4 g5 29. Kg2 Ke7 30. Kg3 f6 31. f4 Rd5 32. Kf3 gxf4 33. Kxf4 fxe5+ 34. Ke4 Rxd4+ 35. Rxd4 exd4 36. Kxd4 Kf6 37. h4 Ke7 38. Ke5 Kf7 39. g5 Kg6 40. Kxe6 hxg5 41. hxg5 Kxg5 1/2-1/2

[Event "Mystere"]
[Site "Gatineau CAN"]
[Date "2007.06.26"]
[Round "4"]
[White "Blouin, Francois"]
[Black "Sabourin, Yves"]
[Result "1-0"]
[WhiteElo "1526"]
[BlackElo "1317"]
[PlyCount "111"]
[GameId "2160767910667783"]
[EventDate "2007.05.29"]
[EventType "swiss"]
[EventRounds "4"]
[EventCountry "CAN"]
[SourceTitle "EXT 2022"]
[Source "ChessBase"]
[SourceDate "2021.10.06"]
[SourceVersion "1"]
[SourceVersionDate "2021.10.06"]
[SourceQuality "1"]

1. e4 e6 2. d4 d5 3. e5 c5 4. c3 Nc6 5. Nf3 cxd4 6. cxd4 Nge7 7. Bd3 g6 8. O-O Bg7 9. Bg5 O-O 10. Nc3 a6 11. a3 f6 12. exf6 Bxf6 13. Bxf6 Rxf6 14. Na4 Nf5 15. Bxf5 exf5 16. Nc5 b6 17. Nd3 f4 18. Nde5 Nxe5 19. Nxe5 a5 20. Rc1 Bd7 21. Re1 Rc8 22. Rxc8 Qxc8 23. Qc1 Rf8 24. Nd3 g5 25. Qxc8 Rxc8 26. Rc1 Rc4 27. Rxc4 dxc4 28. Ne5 Be6 29. Kf1 Kf8 30. Ke2 Ke7 31. Kd2 Kd6 32. Kc3 b5 33. Nf3 h6 34. Nd2 g4 35. Ne4+ Kd5 36. Nc5 Bc8 37. b3 cxb3 38. Nxb3 a4 39. Nc5 h5 40. g3 fxg3 41. fxg3 Bf5 42. Nd3 Bxd3 43. Kxd3 b4 44. axb4 a3 45. Kc3 a2 46. Kb2 a1=Q+ 47. Kxa1 Kxd4 48. Kb2 Kc4 49. Ka3 Kb5 50. Kb3 Kc6 51. Kc4 Kb6 52. b5 Ka7 53. Kc5 Kb7 54. b6 Kb8 55. Kc6 Kc8 56. Kd5 1-0

[Event "Mystere"]
[Site "Gatineau CAN"]
[Date "2007.06.26"]
[Round "4"]
[White "Dallaire, Dominic"]
[Black "Kennedy, Phillip"]
[Result "1-0"]
[WhiteElo "1822"]
[BlackElo "1351"]
[PlyCount "95"]
[GameId "2160767910667784"]
[EventDate "2007.05.29"]
[EventType "swiss"]
[EventRounds "4"]
[EventCountry "CAN"]

1. e4 c5 2. Nf3 d6 3. d4 cxd4 4. Nxd4 Nf6 5. Nc3 e5 6. Nf3 Nc6 7. Bc4 Be7 8. h3 O-O 9. Be3 b6 10. O-O Bb7 11. Qe2 Na5 12. Bd3 Rc8 13. Rfd1 Nc6 14. a3 Qd7 15. Bb5 Qc7 16. Bg5 Nh5 17. Nd5 Nd4 18. Nxe7+ Qxe7 19. Rxd4 f6 20. Ra4 fxg5 21. Rxa7 Nf4 22. Qd2 Ra8 23. Rxa8 Bxa8 24. Qe3 Qc7 25. Qb3+ Kh8 26. Re1 h6 27. Nd2 Qc5 28. Qc4 Nxh3+ 29. Kh2 Rxf2 30. Qxc5 bxc5 31. Kxh3 Rxd2 32. Bd3 Rf2 33. b3 Bc6 34. Re3 Rf4 35. a4 Bd7+ 36. Kg3 h5 37. a5 h4+ 38. Kh2 g4 39. g3 hxg3+ 40. Kxg3 Bc6 41. a6 Rf3+ 42. Rxf3 gxf3 43. Kxf3 g6 44. Bc4 g5 45. Bd5 Bd7 46. a7 g4+ 47. Kg3 Kg7 48. a8=Q 1-0

[Event "Mystere"]
[Site "Gatineau CAN"]
[Date "2007.06.26"]
[Round "4"]
[White "Desjardins, Michel"]
[Black "Pilon, Robert"]
[Result "1-0"]
[WhiteElo "1880"]
[BlackElo "1583"]
[PlyCount "87"]
[GameId "2160767910667785"]
[EventDate "2007.05.29"]
[EventType "swiss"]
[EventRounds "4"]
[EventCountry "CAN"]
[SourceTitle "EXT 2022"]
[Source "ChessBase"]
[SourceDate "2021.10.06"]
[SourceVersion "1"]
[SourceVersionDate "2021.10.06"]
[SourceQuality "1"]

1. e4 e6 2. d4 d5 3. e5 c5 4. c3 Nc6 5. Nf3 Qb6 6. a3 Bd7 7. b4 cxd4 8. cxd4 Nge7 9. Nc3 Nf5 10. Na4 Qc7 11. Bb2 a6 12. Rc1 Be7 13. Bd3 O-O 14. O-O Qd8 15. Nc5 b6 16. Nxa6 Nb8 17. Qe2 Nxa6 18. Bxa6 Nh4 19. Nxh4 Bxh4 20. Rc3 Ra7 21. g3 Be7 22. Rfc1 f6 23. Bd3 fxe5 24. dxe5 Bg5 25. f4 Bh6 26. Qc2 g6 27. Rc7 Ra8 28. Bxg6 hxg6 29. Qxg6+ Bg7 30. h4 Qe8 31. Qxe8 Bxe8 32. Rb7 Ra6 33. Re7 b5 34. Rcc7 Bf7 35. Rb7 Rc6 36. Bd4 Rc2 37. Bc5 Rc3 38. Kg2 Rxa3 39. Rec7 Bh6 40. Bxf8 Ra2+ 41. Kh3 Kxf8 42. Rxf7+ Kg8 43. Rf6 Bg7 44. Rg6 1-0

[Event "Mystere"]
[Site "Gatineau CAN"]
[Date "2007.06.26"]
[Round "4"]
[White "Forget, David"]
[Black "Cossette, Daniel"]
[Result "1/2-1/2"]
[WhiteElo "1873"]
[BlackElo "2173"]
[PlyCount "85"]
[GameId "2160767910667786"]
[EventDate "2007.05.29"]
[EventType "swiss"]
[EventRounds "4"]
[EventCountry "CAN"]
[SourceTitle "EXT 2022"]
[Source "ChessBase"]
[SourceDate "2021.10.06"]
[SourceVersion "1"]
[SourceVersionDate "2021.10.06"]
[SourceQuality "1"]

1. d4 d5 2. c4 e6 3. Nc3 c5 4. cxd5 exd5 5. dxc5 d4 6. Ne4 Nc6 7. Nf3 Bf5 8. Ng3 Bg4 9. Qc2 d3 10. Qxd3 Qxd3 11. exd3 Bxf3 12. gxf3 Nd4 13. Kd1 Bxc5 14. Be3 Rd8 15. Bh3 Ne7 16. Ne2 O-O 17. Nxd4 Bxd4 18. Bxd4 Rxd4 19. Kc2 Nc6 20. Rae1 Rh4 21. Bg2 Nb4+ 22. Kd2 Rd8 23. Bf1 Rhd4 24. Re3 Nxa2 25. Re4 Nb4 26. Be2 Nc6 27. Rc1 R4d5 28. f4 f5 29. Rec4 Nd4 30. R1c3 R8d7 31. Bd1 b5 32. Rc8+ Kf7 33. R8c7 Ke6 34. h4 Kd6 35. Rxd7+ Kxd7 36. Ra3 Ke7 37. Rxa7+ Kf6 38. Ra6+ Ke7 39. Ke3 Kf7 40. Ra3 Ke7 41. Ra7+ Kf6 42. Ra6+ Ke7 43. Ra7+ 1/2-1/2

[Event "Mystere"]
[Site "Gatineau CAN"]
[Date "2007.06.26"]
[Round "4"]
[White "Levesque, Andre"]
[Black "Berthiaume, Patrick"]
[Result "1-0"]
[WhiteElo "1414"]
[BlackElo "1041"]
[PlyCount "33"]
[GameId "2160767910667787"]
[EventDate "2007.05.29"]
[EventType "swiss"]
[EventRounds "4"]
[EventCountry "CAN"]
[SourceTitle "EXT 2022"]
[Source "ChessBase"]
[SourceDate "2021.10.06"]
[SourceVersion "1"]
[SourceVersionDate "2021.10.06"]
[SourceQuality "1"]

1. e4 e5 2. Nc3 Nc6 3. Bc4 Bc5 4. Nf3 Nf6 5. O-O Ng4 6. d3 Nxf2 7. Rxf2 Bxf2+ 8. Kxf2 h6 9. a3 O-O 10. Be3 d6 11. Nd5 Na5 12. Ba2 Be6 13. Qd2 Nc6 14. Qe2 Ne7 15. Qd2 Qd7 16. Bxh6 gxh6 17. Nf6+ 1-0

[Event "National Capital op"]
[Site "Ottawa CAN"]
[Date "2007.10.20"]
[Round "2"]
[White "Gordon, David"]
[Black "Sambuev, Bator"]
[Result "1/2-1/2"]
[WhiteElo "2272"]
[BlackElo "2524"]
[PlyCount "151"]
[GameId "2160767910578778"]
[EventDate "2007.10.20"]
[EventType "swiss"]
[EventRounds "5"]
[EventCountry "CAN"]

1. d4 Nf6 2. Bg5 e6 3. Nd2 c5 4. e3 d5 5. c3 Nbd7 6. f4 Be7 7. Bd3 b6 8. Qe2 Bb7 9. Ngf3 h6 10. Bxf6 Bxf6 11. Ne5 O-O 12. Ndf3 Bxe5 13. Nxe5 Nxe5 14. fxe5 f6 15. Qg4 f5 16. Qg6 Qe8 17. Qxe8 Rfxe8 18. h4 a5 19. g4 fxg4 20. Rg1 Ba6 21. Bxa6 Rxa6 22. Rxg4 cxd4 23. exd4 b5 24. a3 Rb6 25. Kd2 Rf8 26. Rag1 Rf7 27. Rg6 Kf8 28. R1g4 b4 29. axb4 axb4 30. cxb4 Rxb4 31. Rxe6 Rxb2+ 32. Ke3 Rb3+ 33. Ke2 Ra7 34. Rf4+ Kg8 35. Re8+ Kh7 36. Kf1 Ra2 37. Rf2 Rxf2+ 38. Kxf2 Rd3 39. e6 Rxd4 40. e7 Re4 41. h5 d4 42. Kf3 Re1 43. Kf4 d3 44. Rd8 Rxe7 45. Rxd3 Kg8 46. Rd8+ Kf7 47. Kf5 Re1 48. Rd7+ Kf8 49. Ra7 Rg1 50. Ke6 Kg8 51. Ra5 Re1+ 52. Re5 Ra1 53. Rd5 Ra6+ 54. Rd6 Ra8 55. Kf5 Ra5+ 56. Kg4 Kf7 57. Rb6 Re5 58. Ra6 Re4+ 59. Kg3 Re6 60. Ra4 Re5 61. Kg4 Rg5+ 62. Kh4 Rd5 63. Kg4 Rg5+ 64. Kh4 Re5 65. Kg4 Kf6 66. Ra6+ Re6 67. Ra4 Re1 68. Kf4 Rf1+ 69. Kg4 Rg1+ 70. Kh4 Rd1 71. Kg4 Ke5 72. Ra5+ Ke4 73. Ra4+ Rd4 74. Rxd4+ Kxd4 75. Kf4 Kd3 76. Kf3 1/2-1/2

[Event "National Capital op"]
[Site "Ottawa CAN"]
[Date "2007.10.21"]
[Round "5"]
[White "Szalay, Karoly"]
[Black "Gordon, David"]
[Result "0-1"]
[WhiteElo "2184"]
[BlackElo "2272"]
[PlyCount "44"]
[GameId "2160767910578781"]
[EventDate "2007.10.20"]
[EventType "swiss"]
[EventRounds "5"]
[EventCountry "CAN"]

1. e4 c5 2. Nf3 Nc6 3. d4 cxd4 4. Nxd4 Nf6 5. Nc3 e5 6. Ndb5 d6 7. Bg5 a6 8. Na3 b5 9. Nd5 Be7 10. Bxf6 Bxf6 11. c3 Rb8 12. Nc2 a5 13. c4 bxc4 14. Bxc4 Rxb2 15. Bb3 Bg5 16. Qd3 a4 17. Bxa4 O-O 18. Qg3 Bf4 19. Qd3 Ba6 20. Qh3 Nd4 21. Kd1 Be2+ 22. Ke1 Nxc2+ 0-1

[Event "Northern Alberta op"]
[Site "Edmonton CAN"]
[Date "2007.02.17"]
[Round "1"]
[White "Wu, Yi Lun"]
[Black "Li, Zhichao"]
[Result "0-1"]
[WhiteElo "1511"]
[BlackElo "2257"]
[PlyCount "78"]
[GameId "2160767910718381"]
[EventDate "2007.02.17"]
[EventType "swiss"]
[EventRounds "5"]
[EventCountry "CAN"]

1. e4 c6 2. d4 d5 3. Nc3 dxe4 4. Nxe4 Bf5 5. Ng3 Bg6 6. Nf3 Nd7 7. Bd3 e6 8. O-O Ngf6 9. Bxg6 hxg6 10. Bg5 Qb6 11. Qd3 Be7 12. a3 Qc7 13. c4 Nh5 14. Bxe7 Kxe7 15. b4 Rad8 16. Qe3 Qf4 17. Nxh5 Qxe3 18. fxe3 gxh5 19. Ra2 h4 20. e4 Rh5 21. Re2 f6 22. d5 Ne5 23. Rc2 Nxf3+ 24. gxf3 exd5 25. cxd5 cxd5 26. Rc7+ Rd7 27. Rc5 Rg5+ 28. Kf2 dxe4 29. Rxg5 fxg5 30. fxe4 Rd2+ 31. Kf3 Rxh2 32. Kg4 Rg2+ 33. Kh3 Rg3+ 34. Kh2 Rxa3 35. Rg1 Rg3 36. Rxg3 hxg3+ 37. Kxg3 a6 38. Kg4 b6 39. Kxg5 a5 0-1

[Event "Northern Alberta op"]
[Site "Edmonton CAN"]
[Date "2007.02.18"]
[Round "5"]
[White "Haynes, Nicolas"]
[Black "Reeve, Jeff"]
[Result "1-0"]
[WhiteElo "2167"]
[BlackElo "2306"]
[PlyCount "71"]
[GameId "2160767910718389"]
[EventDate "2007.02.17"]
[EventType "swiss"]
[EventRounds "5"]
[EventCountry "CAN"]

1. d4 Nf6 2. Bg5 e6 3. e4 h6 4. Bxf6 Qxf6 5. c3 d6 6. Bd3 e5 7. Ne2 Nc6 8. O-O g5 9. d5 Ne7 10. Nd2 Bg7 11. Bb5+ c6 12. Ba4 O-O 13. Ng3 cxd5 14. exd5 Ng6 15. Bc2 Nf4 16. Nc4 Qe7 17. Bf5 Qc7 18. Ne3 b5 19. Rc1 Ng6 20. c4 b4 21. c5 dxc5 22. d6 Qb8 23. Rxc5 Ba6 24. Bxg6 fxg6 25. Re1 e4 26. Rc7 Bd3 27. Nd5 Qb5 28. Qb3 Kh8 29. Ne7 Kh7 30. Nxe4 Bxe4 31. Rxe4 Qb6 32. Qc2 Qxd6 33. Rc6 Qd7 34. Re1 Rae8 35. Rxg6 Rf5 36. Rge6 1-0

[Event "Oktoberfest op U2000"]
[Site "Kitchener CAN"]
[Date "2007.10.13"]
[Round "2"]
[White "Armstrong, Robert J"]
[Black "McLelland, Tom"]
[Result "0-1"]
[WhiteElo "1771"]
[BlackElo "1883"]
[PlyCount "72"]
[GameId "2160767910578840"]
[EventDate "2007.10.13"]
[EventType "swiss"]
[EventRounds "5"]
[EventCountry "CAN"]

1. d4 Nf6 2. c4 c5 3. d5 b5 4. cxb5 a6 5. Nc3 g6 6. e4 d6 7. f4 Bg7 8. Nf3 O-O 9. bxa6 Nxa6 10. Bc4 Qa5 11. O-O Nd7 12. Qd2 Nb6 13. Bb3 c4 14. Bc2 Nb4 15. a3 Nxc2 16. Qxc2 Nd7 17. Be3 Nc5 18. Bxc5 Qxc5+ 19. Kh1 Ba6 20. Rac1 Rab8 21. Rfd1 Rb7 22. e5 Rfb8 23. Rb1 Qe3 24. Qd2 Qxd2 25. Rxd2 g5 26. Nxg5 dxe5 27. fxe5 Bxe5 28. Nge4 f5 29. Nc5 Bxc3 30. Rc2 Rxb2 31. Rcxb2 Rxb2 32. Rf1 Ba5 33. Rd1 c3 34. Na4 Ra2 35. Nxc3 Bxc3 36. h4 Bb7 0-1

[Event "Oktoberfest op U2000"]
[Site "Kitchener CAN"]
[Date "2007.10.13"]
[Round "3"]
[White "Liu, Steven"]
[Black "Armstrong, Robert J"]
[Result "1/2-1/2"]
[WhiteElo "1603"]
[BlackElo "1771"]
[PlyCount "62"]
[GameId "2160767910578841"]
[EventDate "2007.10.13"]
[EventType "swiss"]
[EventRounds "5"]
[EventCountry "CAN"]

1. e4 g6 2. Nf3 Bg7 3. Bc4 d6 4. d3 Nf6 5. Nc3 O-O 6. h3 c5 7. Be3 a6 8. a4 Qa5 9. O-O Bd7 10. Qd2 Nc6 11. Bh6 Nb4 12. Bxg7 Kxg7 13. Nd5 Nfxd5 14. Bxd5 Qc7 15. Bb3 b5 16. Qc3+ e5 17. d4 exd4 18. Nxd4 Kg8 19. Nf3 Nc6 20. axb5 axb5 21. Bd5 Rae8 22. Rfe1 Be6 23. Bxe6 Rxe6 24. Qd2 Rfe8 25. Rad1 Rxe4 26. Rxe4 Rxe4 27. Qxd6 Qxd6 28. Rxd6 Ne5 29. Nxe5 Rxe5 30. Kf1 Kf8 31. Rd7 Ke8 1/2-1/2

[Event "Oktoberfest op U2000"]
[Site "Kitchener CAN"]
[Date "2007.10.14"]
[Round "4"]
[White "Armstrong, Robert J"]
[Black "Douglas, Richard"]
[Result "0-1"]
[WhiteElo "1771"]
[BlackElo "1734"]
[PlyCount "60"]
[GameId "2160767910578842"]
[EventDate "2007.10.13"]
[EventType "swiss"]
[EventRounds "5"]
[EventCountry "CAN"]

1. d4 Nf6 2. c4 g6 3. Nc3 Bg7 4. e4 d6 5. f3 O-O 6. Be3 Nbd7 7. Nge2 e5 8. d5 a5 9. g4 Nc5 10. Ng3 h6 11. g5 hxg5 12. Bxg5 c6 13. h4 Qb6 14. Qd2 Nh7 15. Rb1 Nxg5 16. Qxg5 Qd8 17. Qd2 f5 18. exf5 Bxf5 19. Rd1 Rf6 20. h5 gxh5 21. Rxh5 Bg6 22. Rh3 Rxf3 23. dxc6 bxc6 24. Qxd6 Nd3+ 25. Rxd3 Bxd3 26. Qe6+ Rf7 27. Qg4 Bxf1 28. Nxf1 Qb6 29. b3 Qf2+ 30. Kd1 Rd8+ 0-1

[Event "Oktoberfest op U2000"]
[Site "Kitchener CAN"]
[Date "2007.10.14"]
[Round "5"]
[White "Friesen, Yascha"]
[Black "Armstrong, Robert J"]
[Result "1-0"]
[WhiteElo "1800"]
[BlackElo "1771"]
[PlyCount "86"]
[GameId "2160767910578843"]
[EventDate "2007.10.13"]
[EventType "swiss"]
[EventRounds "5"]
[EventCountry "CAN"]

1. e4 g6 2. d4 Bg7 3. c4 d6 4. Nc3 Nf6 5. Nf3 O-O 6. Be2 Nc6 7. O-O e5 8. d5 Ne7 9. b4 Nd7 10. Re1 f5 11. Ng5 Nf6 12. f3 h6 13. Ne6 Bxe6 14. dxe6 f4 15. Bb2 g5 16. Nd5 c6 17. Nxe7+ Qxe7 18. Rc1 Qxe6 19. c5 d5 20. exd5 Nxd5 21. Bc4 Rad8 22. Qe2 Rfe8 23. Qe4 Kf7 24. Rcd1 Rd7 25. Rd2 Kg8 26. Bb3 Ree7 27. Red1 Re8 28. Rxd5 cxd5 29. Rxd5 Kf8 30. Rxd7 Qxd7 31. Qh7 Qd2 32. Qg8+ Ke7 33. Qxg7+ Kd8 34. Qf6+ Kd7 35. g3 fxg3 36. Ba4+ Kc8 37. Qf5+ Kb8 38. Bxe5+ Ka8 39. Bxg3 Rd8 40. c6 Qc1+ 41. Kg2 bxc6 42. Bf2 g4 43. Qxg4 Kb7 1-0

[Event "Oriole CC Winter Swiss"]
[Site "Toronto CAN"]
[Date "2007.12.08"]
[Round "4"]
[White "Yuan, Yuanling"]
[Black "Lamb, Bryan"]
[Result "0-1"]
[WhiteElo "2165"]
[BlackElo "2229"]
[PlyCount "84"]
[GameId "2160767910566054"]
[EventDate "2007.11.17"]
[EventType "swiss"]
[EventRounds "5"]
[EventCountry "CAN"]

1. e4 e6 2. d4 d5 3. e5 c5 4. c3 Qb6 5. Nf3 Bd7 6. Be2 Nc6 7. O-O a5 8. Na3 f6 9. Nc2 Rc8 10. b3 cxd4 11. cxd4 fxe5 12. dxe5 Bc5 13. Bd3 Nge7 14. Be3 h6 15. Bxc5 Qxc5 16. Qe2 O-O 17. Nh4 Nb4 18. Nxb4 Qxb4 19. g3 Rc3 20. Rfd1 Qc5 21. Rd2 Nc6 22. Rad1 Nd4 23. Qg4 Nxb3 24. axb3 Rxd3 25. Rxd3 Qxf2+ 26. Kh1 d4 27. Rf3 Rxf3 28. Nxf3 Bc6 29. Qxe6+ Kf8 30. Qd6+ Kf7 31. e6+ Kg8 32. Qxc6 bxc6 33. Nxd4 c5 34. e7 Kf7 35. Rg1 cxd4 36. Rg2 Qf1+ 37. Rg1 Qf3+ 38. Rg2 Ke8 39. Kg1 d3 40. Rf2 Qd1+ 41. Kg2 d2 42. h4 Qe1 0-1

[Event "Outaouais op A"]
[Site "Gatineau CAN"]
[Date "2007.09.22"]
[Round "1"]
[White "Hua, Lefong"]
[Black "Danilov, Alex"]
[Result "1-0"]
[WhiteElo "2321"]
[BlackElo "1963"]
[PlyCount "87"]
[GameId "2160767910579088"]
[EventDate "2007.09.22"]
[EventType "swiss"]
[EventRounds "5"]
[EventCountry "CAN"]
[SourceTitle "EXT 2022"]
[Source "ChessBase"]
[SourceDate "2021.10.06"]
[SourceVersion "1"]
[SourceVersionDate "2021.10.06"]
[SourceQuality "1"]

1. d4 Nf6 2. c4 e6 3. Nc3 Bb4 4. e3 c5 5. Nge2 cxd4 6. exd4 O-O 7. a3 Bxc3+ 8. Nxc3 a5 9. Bg5 d5 10. cxd5 exd5 11. Be2 Be6 12. O-O Nbd7 13. Bf3 h6 14. Bh4 g5 15. Bg3 g4 16. Be2 Nb6 17. Nb5 Qd7 18. Nc7 Rac8 19. Bb5 Qe7 20. Nxe6 Qxe6 21. Re1 Qf5 22. Bd3 Qg5 23. Re5 Qg7 24. Re7 Qg5 25. Re5 Qg7 26. Bf5 Rce8 27. Bh4 Nc4 28. Bxf6 Qxf6 29. Rxd5 Rd8 30. Qxg4+ Qg7 31. Qxg7+ Kxg7 32. Be4 Nd2 33. Rxd8 Rxd8 34. Bxb7 Rxd4 35. Rd1 Kf6 36. g3 Ke5 37. Kg2 Kd6 38. Ba6 Kc5 39. Rc1+ Kb6 40. Be2 Nb3 41. Rc8 a4 42. Rh8 Rd2 43. Rxh6+ Kc5 44. Rh5+ 1-0

[Event "Outaouais op A"]
[Site "Gatineau CAN"]
[Date "2007.09.22"]
[Round "1"]
[White "Pepin, Christian"]
[Black "Gordon, David"]
[Result "0-1"]
[WhiteElo "1941"]
[BlackElo "2186"]
[PlyCount "68"]
[GameId "2160767910579089"]
[EventDate "2007.09.22"]
[EventType "swiss"]
[EventRounds "5"]
[EventCountry "CAN"]
[SourceTitle "EXT 2022"]
[Source "ChessBase"]
[SourceDate "2021.10.06"]
[SourceVersion "1"]
[SourceVersionDate "2021.10.06"]
[SourceQuality "1"]

1. e4 c5 2. Nf3 Nc6 3. c3 Nf6 4. Qc2 g6 5. d4 cxd4 6. cxd4 d5 7. e5 Bf5 8. Qb3 Na5 9. Bb5+ Bd7 10. Bxd7+ Qxd7 11. Qd3 Ne4 12. O-O Bg7 13. Ng5 Nxg5 14. Bxg5 O-O 15. Nd2 Rfc8 16. Rae1 e6 17. Qh3 Rc2 18. Nf3 Rxb2 19. Bh6 Qe7 20. Ng5 Rc8 21. Nxh7 Rcc2 22. Bg5 Qb4 23. Bf6 Rxf2 24. Rxf2 Qxe1+ 25. Rf1 Qd2 26. Ng5 Bh6 27. Kh1 Qe2 28. g4 Rd2 29. Rg1 Rd1 30. Nf3 Rxg1+ 31. Nxg1 Qe4+ 32. Nf3 Nc4 33. g5 Nd2 34. gxh6 Qxf3+ 0-1

[Event "Outaouais op A"]
[Site "Gatineau CAN"]
[Date "2007.09.23"]
[Round "2"]
[White "Gordon, David"]
[Black "Qin, Zi Yi (Joey)"]
[Result "1-0"]
[WhiteElo "2186"]
[BlackElo "1571"]
[PlyCount "63"]
[GameId "2160767910579092"]
[EventDate "2007.09.22"]
[EventType "swiss"]
[EventRounds "5"]
[EventCountry "CAN"]

1. d4 Nf6 2. Bg5 Ne4 3. Bf4 e6 4. e3 d5 5. Bd3 Bd6 6. Bxd6 Nxd6 7. Nd2 b6 8. Qg4 O-O 9. Ngf3 e5 10. Bxh7+ Kxh7 11. Qh5+ Kg8 12. dxe5 Ne4 13. g4 Nxd2 14. Kxd2 f6 15. g5 fxg5 16. Nxg5 Bf5 17. f4 Nd7 18. Rag1 Nc5 19. Kc1 Qe8 20. Qe2 Be4 21. Nxe4 Nxe4 22. Rg4 Qe6 23. Rhg1 Rf7 24. Qg2 Qe7 25. e6 Raf8 26. exf7+ Rxf7 27. h4 c5 28. Rg6 Nf6 29. Kb1 Kf8 30. Qg3 Nh5 31. Qf3 Qxh4 32. Rh1 1-0

[Event "Outaouais op A"]
[Site "Gatineau CAN"]
[Date "2007.09.23"]
[Round "3"]
[White "Hua, Lefong"]
[Black "Regnier, Alain"]
[Result "1-0"]
[WhiteElo "2321"]
[BlackElo "2109"]
[PlyCount "76"]
[GameId "2160767910579095"]
[EventDate "2007.09.22"]
[EventType "swiss"]
[EventRounds "5"]
[EventCountry "CAN"]
[SourceTitle "EXT 2022"]
[Source "ChessBase"]
[SourceDate "2021.10.06"]
[SourceVersion "1"]
[SourceVersionDate "2021.10.06"]
[SourceQuality "1"]

1. d4 d5 2. c4 dxc4 3. Nf3 Nf6 4. e3 e6 5. Bxc4 a6 6. Bb3 b5 7. O-O Be7 8. a4 Bb7 9. axb5 axb5 10. Rxa8 Bxa8 11. Qe2 b4 12. Nbd2 O-O 13. e4 c5 14. e5 Nfd7 15. Bc2 Nc6 16. dxc5 Qc7 17. Nc4 Rd8 18. Nd6 Nxc5 19. Ng5 Nxe5 20. Bxh7+ Kf8 21. f4 Nf3+ 22. Nxf3 Bxd6 23. Ne5 Nb3 24. Be3 g6 25. f5 Bxe5 26. fxg6 Rd7 27. Qh5 f5 28. Qh4 Qb7 29. Bh6+ Ke8 30. Qh3 Rd3 31. g7 Bd4+ 32. Kh1 Bxg7 33. Qh5+ Kd8 34. Bg5+ Kc7 35. Bf4+ Kc8 36. Qe8+ Rd8 37. Qxe6+ Rd7 38. Qe8+ Rd8 1-0

[Event "Outaouais op A"]
[Site "Gatineau CAN"]
[Date "2007.09.24"]
[Round "5"]
[White "Voloaca, Mihnea"]
[Black "Gordon, David"]
[Result "1-0"]
[WhiteElo "2313"]
[BlackElo "2186"]
[PlyCount "101"]
[GameId "2160767910579099"]
[EventDate "2007.09.22"]
[EventType "swiss"]
[EventRounds "5"]
[EventCountry "CAN"]
[SourceTitle "EXT 2022"]
[Source "ChessBase"]
[SourceDate "2021.10.06"]
[SourceVersion "1"]
[SourceVersionDate "2021.10.06"]
[SourceQuality "1"]

1. Nf3 Nf6 2. c4 c5 3. Nc3 e6 4. g3 b6 5. Bg2 Bb7 6. O-O d5 7. cxd5 Nxd5 8. Re1 Be7 9. e4 Nb4 10. d4 cxd4 11. Nxd4 N8c6 12. Be3 Nxd4 13. Bxd4 O-O 14. a3 Nc6 15. Be3 Qxd1 16. Rexd1 Rfd8 17. e5 Rxd1+ 18. Rxd1 Rd8 19. Rc1 Ba8 20. f4 Na5 21. Nb5 Bxg2 22. Kxg2 Nb3 23. Rc3 Nc5 24. Nxa7 g6 25. Nc6 Rd7 26. Nxe7+ Rxe7 27. Bxc5 bxc5 28. Rxc5 Rd7 29. b4 Rd3 30. Rc8+ Kg7 31. a4 Rb3 32. Rb8 Ra3 33. a5 h6 34. Rb6 g5 35. fxg5 hxg5 36. Kh3 Kg6 37. Kg4 f5+ 38. exf6 Kxf6 39. a6 Ra2 40. h3 Ra4 41. h4 gxh4 42. gxh4 Ra1 43. b5 Ra4+ 44. Kh5 Kf5 45. Rb7 e5 46. a7 e4 47. b6 e3 48. Rf7+ Ke6 49. Rf1 Ra5+ 50. Kh6 e2 51. a8=Q 1-0